LEADER 01678nam0 2200361 i 450 001 VAN0126211 005 20220309015858.482 017 70$2N$a9783319736457 100 $a20200116d2019 |0itac50 ba 101 $aeng 102 $aCH 105 $a|||| ||||| 200 1 $aHandbook of Environmental Materials Management$fChaudhery Mustansar Hussain editor 210 $aCham$cSpringer$d2019 215 $aXLI, 3243$cill.$d24 cm 620 $aCH$dCham$3VANL001889 676 $a660.6$cBiotecnologia. Microbiologia applicata$v22 676 $a628$cIngegneria ambientale. Sostenibilità dell'ambiente$v22 676 $a620.5$cNanotecnologia$v22 676 $a620.1$cScienze dei materiali$v22 702 1$aHussain$bChaudhery M.$3VANV097622 712 $aSpringer $3VANV108073$4650 790 1$aHussain, Chaudhery Mustansar$zHussain, Chaudhery M.$3VANV100214 790 1$aHussain, C. M.$zHussain, Chaudhery M.$3VANV103850 790 1$aHussain, C.M.$zHussain, Chaudhery M.$3VANV201537 801 $aIT$bSOL$c20240614$gRICA 856 4 $uhttps://link.springer.com/referencework/10.1007/978-3-319-73645-7$zE-book - Accesso al full-text attraverso riconoscimento IP di Ateneo, proxy e/o Shibboleth 899 $aBIBLIOTECA DEL DIPARTIMENTO DI SCIENZE E TECNOLOGIE AMBIENTALI BIOLOGICHE E FARMACEUTICHE$1IT-CE0101$2VAN17 912 $fN 912 $aVAN0126211 950 $aBIBLIOTECA DEL DIPARTIMENTO DI SCIENZE E TECNOLOGIE AMBIENTALI BIOLOGICHE E FARMACEUTICHE$d17CONS e-book 2113 $e17BIB2113/132 132 20200116 996 $aHandbook of Environmental Materials Management$91570971 997 $aUNICAMPANIA LEADER 02568nam0 22004573i 450 001 MOD1699913 005 20251003044241.0 100 $a20191021d2017 ||||0itac50 ba 101 | $aeng$aita$ceng 102 $ait 181 1$6z01$ai $bxxxe 182 1$6z01$an 183 1$6z01$anc$2RDAcarrier 200 1 $aPost-crisis bank regulations and financial market liquidity$eRome, 15 September 2017$fDarrell Duffie 210 $a[Roma$cBanca d'Italia$d2017?] 215 $a211 p.$d21 cm 225 | $aLezioni Paolo Baffi di moneta e finanza$v[13] 410 0$1001RMS0172054$12001 $aLezioni Paolo Baffi di moneta e finanza$v[13]$171202$aBanca d'Italia$3CFIV021176 500 10$aPost-crisis bank regulations and financial market liquidity.$3TSA1605170$9MILV012193$92877335 510 1 $aˆLa ‰regolamentazione del settore bancario dopo la crisi e la liquidità dei mercati finanziari.$9UBS0013656 606 $aCredito$xGestione$2FIR$3CFIC062759$9I 676 $a332$9ECONOMIA FINANZIARIA$v21 676 $a332$9ECONOMIA FINANZIARIA$v22 676 $a332$9ECONOMIA FINANZIARIA$v23 676 $a332.0945$9ECONOMIA FINANZIARIA. Italia$v21 696 $aAttività dei crediti 699 $aCredito$yAttività dei crediti 700 1$aDuffie$b, Darrell$3MILV012193$4070$055005 790 1$aDuffie$b, James Darrell$3USMV986889$zDuffie, Darrell 801 3$aIT$bIT-000000$c20191021 850 $aIT-BN0095 $aIT-NA0601 $aIT-NA0079 $aIT-NA0070 $aIT-NA0120 901 $bNAP 93$cFIN $n$ 901 $bNAP BN$cMAGAZZINO $nmagazzini correnti divisi per anni 901 $bNAP BU$c4 B $nPropedeutica. Formato cm. 20,1-28. 901 $bNAP 01$cPOZZO LIB.$nVi sono collocati fondi di economia, periodici di ingegneria e scienze, periodici di economia e statistica e altri fondi comprendenti documenti di economia pervenuti in dono. 901 $bNAP 01$cBCA $nComprende monografie e periodici di diritto, testi di ingegneria, di scienze e tecnologia di nuova acquisizione. 912 $aMOD1699913 950 0$aBiblioteca Centralizzata di Ateneo$c1 v.$d 01POZZO LIB.DONI DEMM 442$e 01 0000086185E VMA 1 v. (precedente collocazione: POZZO LIB. F. BENCARDINO 288)$fB $h20220624$i20221125$d 01BCA SC. SOCIAL 878$e 01 0000006735 VMA 1 v.$fY $h20220617$i20220617 977 $a 01$a 93$a BN$a BU$a CR 996 $aPost-crisis bank regulations and financial market liquidity$92877335 997 $aUNISANNIO